|
|
|
|
| LEADER |
02299nam a22004812a 4500 |
| 001 |
000226440 |
| 003 |
CZ BrMZK |
| 005 |
20190116082206.0 |
| 007 |
ta |
| 008 |
010907s1982 xr f cze d |
| 015 |
|
|
|a cnb000159763
|z cnb000025029
|
| 035 |
|
|
|a (OCoLC)42186231
|
| 035 |
|
|
|a (OCoLC)39590702
|
| 040 |
|
|
|a BOA001
|b cze
|
| 041 |
0 |
|
|a cze
|a eng
|
| 100 |
1 |
|
|a Tichý, Aleš,
|d 1931-1988
|7 jk01132396
|4 aut
|
| 245 |
1 |
0 |
|a Dějiny anglické literatury od počátků do poloviny sedmnáctého století.
|n Část první,
|p Středověk /
|c Aleš Tichý, Lidmila Pantůčková, Thomas D. Sparling
|
| 246 |
3 |
0 |
|a Středověk
|
| 250 |
|
|
|a 1. vyd.
|
| 260 |
|
|
|a Praha :
|b SPN,
|c 1982
|f (TZ 52)
|
| 300 |
|
|
|a 99 s. ;
|c 29 cm
|
| 500 |
|
|
|a Dotisk v r. 1984
|
| 500 |
|
|
|a 200 výt. ; dotisk r. 1984, 300 výt.
|
| 504 |
|
|
|a Obsahuje bibliografii
|
| 546 |
|
|
|a Souběžný anglický text
|
| 550 |
|
|
|a Vydavatel: Univ. J. E. Purkyně
|
| 700 |
1 |
|
|a Sparling, Don,
|d 1943-
|7 ola2003206243
|4 aut
|
| 700 |
1 |
|
|a Pantůčková, Lidmila,
|d 1923-2003
|7 jk01091675
|4 aut
|
| 710 |
2 |
|
|a Univerzita J.E. Purkyně v Brně
|7 kn20010709352
|
| 856 |
4 |
1 |
|u http://www.digitalniknihovna.cz/mzk/uuid/uuid:26a3fc40-c531-11e7-bfaa-005056827e52
|y Digitalizovaný dokument
|x NDK
|
| 910 |
|
|
|a BOA001
|b PK-N-0022.523
|b 4-0863.629,1
|b 4-0883.562,1
|b PK-N-0022.523-84
|
| 920 |
|
|
|a 000144350
|
| 920 |
|
|
|a 000144346
|
| 920 |
|
|
|a 000417084
|
| 990 |
|
|
|a BK
|
| 996 |
7 |
|
|b 2619831408
|c 4-0883.562,1
|l MZK
|r Sklad / do 1 hodiny
|n 0
|w 000226440
|u 000070
|a 1
|e BOA001
|j MZK50
|s A
|
| 996 |
6 |
|
|b 2619929795
|c 4-0883.562,1
|l MZK
|r Sklad / do 1 hodiny
|n 0
|w 000226440
|u 000040
|a 1
|e BOA001
|j MZK50
|s P
|
| 996 |
7 |
|
|b 2619929796
|c 4-0883.562,1
|l MZK
|r Sklad / do 1 hodiny
|n 0
|w 000226440
|u 000050
|a 1
|e BOA001
|j MZK50
|s A
|
| 996 |
7 |
|
|b 2619929797
|c 4-0883.562,1
|l MZK
|r Sklad / do 1 hodiny
|n 6
|w 000226440
|u 000060
|a 1
|e BOA001
|j MZK50
|s A
|
| 996 |
7 |
|
|b 2619956454
|c 4-0883.562,1
|l MZK
|r Sklad / do 1 hodiny
|n 1
|w 000226440
|u 000030
|a 1
|e BOA001
|j MZK50
|s A
|
| 996 |
7 |
|
|b 2619956455
|c 4-0863.629,1
|l MZK
|r Sklad / do 1 hodiny
|n 3
|w 000226440
|u 000020
|a 1
|e BOA001
|j MZK50
|s A
|
| 996 |
7 |
|
|b 3119824534
|c PK-N-0022.523-84
|l MZK
|r Sklad / do 1 hodiny
|n 7
|w 000226440
|u 000080
|a 1
|e BOA001
|j MZK50
|s A
|
| 996 |
7 |
|
|b 3119906811
|c PK-N-0022.523
|l MZK
|r Sklad / do 1 hodiny
|n 10
|w 000226440
|u 000010
|a 1
|e BOA001
|j MZK50
|s A
|